| 000 | 00386nam a22001337a 4500 | ||
|---|---|---|---|
| 008 | 140202b xxu||||| |||| 00| 0 eng d | ||
| 100 |
_9186 _aJakeman, Vanessa |
||
| 245 |
_aInsight into IELTS _c/ Vanessa Jakeman, Clare McDowell |
||
| 260 |
_bCambridge University, _cc2002. |
||
| 300 | _a100p | ||
| 650 | 0 |
_956 _aEnglish _xGrammar study |
|
| 700 |
_9187 _aMcDowell, Clare |
||
| 942 |
_2ddc _cBK |
||
| 999 |
_c132 _d132 |
||